The Virgin Suicides /

Gespeichert in:
Bibliographische Detailangaben
1. Verfasser: Eugenides, Jeffrey (autor)
Format: Buch
Sprache:Englisch
Veröffentlicht: Nueva York, EUA : Farrar, Straus and Giroux, 1993, c1993
Schriftenreihe:(Picador)
Schlagworte:
Tags: Tag hinzufügen
Keine Tags, Fügen Sie das erste Tag hinzu!

MARC

LEADER 00000nam^a2200000^a^4500
001 000399789
005 20250521000000.0
009 20260310121601.301
020 |a 978-0312-42881-5 
037 |a Acervo ITESO - Biblioteca 
041 |a ING 
082 |a 813.  |b EUG 
100 |a Eugenides, Jeffrey  |e (autor) 
240 1 5 |a [Las vírgenes suicidas] 
245 1 4 |a The Virgin Suicides /  |c J. Eugenides. 
264 4 |a Nueva York, EUA :  |b Farrar, Straus and Giroux,  |c 1993, c1993 
300 |a 243 p. 
336 |a texto  |b txt  |2 rdacontenido 
337 |a sin mediación  |b n  |2 rdamedio 
338 |a volumen  |b nc  |2 rdasoporte 
440 1 |a (Picador) 
586 |a Premio Pulitzer 2003, categoría Ficción 
649 |a XX 
650 |a Sexualidad en la Literatura 
650 |a Suicidio en la Literatura 
650 |a Novela Norteamericana 
650 |a Literatura Norteamericana -  |y Siglo XXI 
910 |a Fondo General 
920 |a Impresos - Libros 
930 |a Colección General 
940 |a Literatura 
905 |a 101 
901 |a 0500295061  |b IT1  |c LIT  |i c156772  |u 20250521 
902 |a https://opac.biblio.iteso.mx/vufind/Record/000399789